LEADER 01316nam0 22002651i 450 001 UON00192467 005 20231205103220.933 100 $a20030730d1967 |0itac50 ba 101 $aeng 102 $aGB 105 $a|||| 1|||| 200 1 $aˆA ‰Discourse of the Contests and Dissentions Between the Nobles and the Commons in Athens and Rome With the Consequences they had upon both those States$fby Jonathan Swift$gedited whit an introduction and notes textual, critical, and historical by Frank H. Ellis 210 $aOxford$cClarendon Press$d1967 215 $a xiv, 270 p.$c[1] c. tav.$d22 cm. 620 $aGB$dOxford$3UONL000029 676 $a828$cMiscellanea inglese$v21 700 1$aSWIFT$bJonathan$3UONV008283$0154535 702 1$aELLIS$bH. Frank$3UONV113625 712 $aClarendon Press$3UONV246509$4650 801 $aIT$bSOL$c20240220$gRICA 899 $aSIBA - SISTEMA BIBLIOTECARIO DI ATENEO$2UONSI 912 $aUON00192467 950 $aSIBA - SISTEMA BIBLIOTECARIO DI ATENEO$dSI Angl IV A SWI 07 $eSI SI 2466 5 07 $sBuono 996 $aDiscourse of the Contests and Dissentions Between the Nobles and the Commons in Athens and Rome With the Consequences they had upon both those States$91293605 997 $aUNIOR